| 000 | 00472nam a22001817a 4500 | ||
|---|---|---|---|
| 003 | CEME | ||
| 005 | 20210628202612.0 | ||
| 008 | 210316b xxu||||| |||| 00| 0 eng d | ||
| 020 | _a0-89006-169-6 | ||
| 040 | _c. | ||
| 082 | _a621.3848 OST | ||
| 100 |
_aOstroff, E.D ,Boprkopwski, M ,Thomas, H _960683 |
||
| 245 | _aSolid state radar transmitters | ||
| 260 |
_aUSA _bARTECH HOUSE _c1985 |
||
| 300 | _aV,272P | ||
| 650 |
_aRADAR TRANSMITTERS _960684 |
||
| 942 |
_cBK _2ddc |
||
| 999 |
_c570357 _d570357 |
||